New developments in biotechnology
Gespeichert in:
| Format: | Buch |
|---|---|
| Sprache: | Undetermined |
| Veröffentlicht: |
Washington
Officeof Technology Assement
1988
|
| Schlagworte: | |
| Tags: |
Tag hinzufügen
Keine Tags, Fügen Sie den ersten Tag hinzu!
|
| Thư viện lưu trữ: | Trung tâm Học liệu Trường Đại học Cần Thơ |
|---|
| LEADER | 00443nam a2200157Ia 4500 | ||
|---|---|---|---|
| 001 | CTU_80002 | ||
| 008 | 210402s9999 xx 000 0 und d | ||
| 082 | |a 339.5 | ||
| 082 | |b N532/Vol.4 | ||
| 245 | 0 | |a New developments in biotechnology | |
| 260 | |a Washington | ||
| 260 | |b Officeof Technology Assement | ||
| 260 | |c 1988 | ||
| 650 | |a Macroeconomic policy | ||
| 904 | |i Trọng Hải | ||
| 980 | |a Trung tâm Học liệu Trường Đại học Cần Thơ | ||